[Event "EU-chT (Men) 15th"]
[Site "Gothenburg"]
[Date "2005.08.04"]
[Round "6.2"]
[White "Lautier, Joel"]
[Black "Sutovsky, Emil"]
[Result "0-1"]
[WhiteElo "2672"]
[BlackElo "2674"]
[Annotator "Ribli,Z"]
[PlyCount "82"]
[EventDate "2005.07.30"]
[EventType "team-swiss"]
[EventRounds "9"]
[EventCountry "SWE"]
[SourceTitle "CBM 109"]
[Source "ChessBase"]
[SourceDate "2005.11.14"]
[SourceVersion "1"]
[SourceVersionDate "2005.11.14"]
[SourceQuality "1"]
[WhiteTeam "France"]
[BlackTeam "Israel"]
[WhiteTeamCountry "FRA"]
[BlackTeamCountry "ISR"]

1. c4 {Wells} Nf6 2. Nc3 e5 3. Nf3 Nc6 4. g3 Nd4 {Das ist Sutovsky's
Lieblingsvariante; Schwarz möchte das Springerpaar tauschen und anschließend
c7-c6 und möglicherweise d7-d5 ziehen. Die Alternativen sind - 4...d5, 4...Bc5
und 4...Bb4.} 5. Bg2 Nxf3+ 6. Bxf3 Bc5 {Schwarz spielt sofort 6...Bc5 - die
Alternative wäre 6...Bb4 7.Qb3 Bc5.} 7. d3 (7. e3 O-O 8. O-O d6 9. d4 Bb4 10.
Ne2 e4 11. Bg2 c6 12. a3 Ba5 13. b4 Bb6 14. d5 cxd5 15. cxd5 Re8 16. Bb2 Ng4
17. Nf4 {1/2-1/2 Damljanovic,B-Bacrot,E/Gothenburg 2005/CBM 109(35)}) 7... h6 {
Eine prophylaktische Fortsetzung - Schwarz verteidigt sich gegen die Fesselung
Bg5.} 8. a3 (8. h4 d6 (8... c6 9. g4 d5 10. g5 hxg5 11. Bxg5 Qb6 12. O-O Bh3
13. Na4 Qa5 14. Nxc5 Qxc5 15. cxd5 Bxf1 16. dxc6 Bh3 17. cxb7 Rb8 18. Rc1 Qa5 {
0-1 Bacrot,E-Sutovsky,E/ch-Europe Internet Blitz, playchess.com 2003 (44)}) 9.
b4 Bd4 10. Bd2 O-O 11. e3 Bxc3 12. Bxc3 Qd7 13. O-O Re8 14. Bg2 d5 15. Qb3 dxc4
16. Qxc4 c6 17. a4 Qf5 18. e4 Qg6 19. b5 Bd7 20. Rfe1 Rac8 {1/2-1/2 Bacrot,
E-Sutovsky,E/ch-Europe Internet Blitz, playchess.com 2003 (37)}) (8. O-O O-O 9.
Rb1 (9. a3 a6 10. e3 Ba7 11. b4 c6 12. d4 exd4 13. exd4 d5 14. cxd5 Nxd5 15.
Nxd5 cxd5 16. Be3 Bh3 17. Re1 Rc8 {1/2-1/2 Bacrot,E-Sutovsky,E/Albert 2001/(42)
}) 9... a5 10. a3 c6 (10... Re8 11. b4 Bf8 12. Qb3 d6 13. Bg2 g6 14. Bd2 Bg7
15. Qc2 axb4 16. axb4 c6 17. Ra1 Be6 {0-1 Vovsha,E-Tseitlin,M/Biel 2000/CBM 77
ext (40)}) 11. b4 Bd4 12. Qb3 axb4 13. axb4 d5 14. cxd5 Nxd5 15. Nxd5 Be6 16.
e3 Bb6 17. e4 cxd5 18. exd5 Bh3 19. Bg2 Bxg2 20. Kxg2 $14 {. 1-0 Yakovich,
Y-Kurnosov,I/St Petersburg 2004/CBM 102/[Ribli] (45)}) 8... O-O 9. e3 c6 {
Auf diese Weise begrenzt Schwarz den Wirkungskreis des f3-Läufers; gleichfalls
möchte er anschließend d7-d5 ziehen.} 10. b4 Be7 (10... Bb6 $5) 11. d4 exd4 (
11... d6) 12. Qxd4 d5 $5 {GM Sutovsky strebt gewöhnlich taktische
Verwicklungen an; hier opfert er einen Bauern. Andererseits bin ich nicht
sicher, ob dieses Bauernopfer korrekt ist.} 13. O-O $2 (13. cxd5 Nxd5 14. Nxd5
(14. Bxd5 $2 Bf6) 14... cxd5 15. Qxd5 Bf6 16. Ra2 (16. Rb1 $6 Bc3+ 17. Bd2 Qxd5
18. Bxd5 Bxd2+ 19. Kxd2 Rd8 20. e4 Be6 $11) 16... Be6 (16... Qc7 17. Qc5) 17.
Qxd8 Rfxd8 18. Rc2 Rac8 19. Rxc8 Rxc8 20. O-O {Schwarz muss noch zeigen,
welche Kompensation er für den Bauern besitzt.}) 13... dxc4 14. Qxc4 Nd7 $1 $15
{[%cal Gd7e5,Ge5d3,Ge5c4] '!' Wells. Wells: 'I rather suspect that this is
what Lautier underestimated. Far more purposeful than the routine 14...Be6,
the text presages a promising future for all of Black's minor pieces.' Der
Springer kommt mit Tempo auf e5 und zielt nach c4 oder d3.} 15. Bg2 Ne5 16. Qe2
(16. Qe4 Bf6 17. Rd1 (17. Bb2 Be6 18. Rad1 Qe7) 17... Qc7 18. Bb2 Be6 {[%cal
Ge5c4]}) 16... Bg4 $1 17. f3 Be6 {[%cal Re6c4,Rc4f1]} 18. Rd1 Qb6 {[%csl Yc4]
[%mdl 2048] Schwarz hat ausgezeichnetes Figurenspiel und das Feld c4 ist ein
ewiges positionelles Loch in der weißen Stellung.} (18... Qc7 $15) 19. Na4 Qc7
20. Qc2 $2 (20. Nc5 $2 Bxc5 (20... Bc4 21. Qc2 b6 22. Nb3) 21. bxc5 Nd7 $1 (
21... Qe7 22. Bb2 Nd7 23. Bd4 Nxc5 24. Qb2 $1 f5 25. Qb4 b6 26. Rdc1 $11) 22.
Bd2 Nxc5 23. Bb4 b6 24. f4 $44) 20... Nc4 21. f4 (21. Nc5 Bxc5 22. bxc5 Qe5 23.
Rb1 Nxa3 $1 24. Bxa3 Qxe3+) 21... Rad8 22. Re1 (22. Rxd8 Rxd8 23. f5 Qe5 $1)
22... b5 23. Nc3 (23. Nc5 Bxc5 24. bxc5 Qe7 $17) 23... Qd7 {[%cal Gd8d1]} (
23... a5 $5 24. Rb1 (24. bxa5 Qxa5 {[%cal Ge7f6,Gf6a1]}) 24... axb4 25. axb4)
24. Rd1 Qc8 25. Re1 {Ein indirektes Remisangebot, aber aufgrund der besseren
Stellung möchte Schwarz weiterspielen.} Bf6 26. Rb1 Bxc3 $1 {Wells: 'makes
perfect sense in the context of the exchange to come - Black heads down the
classic path to strong knight against bad bishop. Still, I remain baffled by
what happens next.' Auf den ersten Blick eine überraschende Entscheidung von
Schwarz, den Läufer zu tauschen. Aber die Idee des Tausches besteht in der
Möglichkeit, die d-Linie zu dominieren.} 27. Qxc3 Bh3 28. e4 (28. Bb2 f6) ({
Why not} 28. Bf3 $5 {Wells After this exchange, White's position seems grim.
The c1 bishop can be liberated, but it cannot challenge the splendid beast on
c4.}) 28... Bxg2 29. Kxg2 Rd6 {[%cal Gf8d8,Gd8d1]} 30. Qf3 (30. f5 Rfd8 31. Rb3
Nd2 $1) 30... Rfd8 31. Rb3 Rd2+ $1 $17 {[%mdl 64]} 32. Re2 (32. Bxd2 Nxd2 33.
Qe3 Nxb3 34. Qxb3 Rd2+ 35. Kg1 (35. Kf3 Qh3 $19) 35... Qh3 $19) (32. Kg1) 32...
Rd1 33. Rc3 Qd7 {[%csl Gc4][%cal Gd8d1] Schwarz besitzt die Herrschaft über
die d-Linie, darüber hinaus dominiert Nc4 das Spielgeschehen.} 34. Be3 Ra1 35.
Rf2 a6 {Nach diesem Wartezug scheint es, dass Weiß keine gewinnbringenden Züge
hat.} 36. Bc5 Nd2 37. Qe3 f5 $1 {[%csl Ye4] Wells: 'The final straw for the
light squares!' Das schwarze Spiel zentriert sich auf den weißen Feldern und
erhält jetzt die Herrschaft über das Schlüsselfeld e4.} 38. Bb6 (38. exf5 Qd5+
39. Kh3 Ne4 {[%cal Re4c3,Re4f2]}) 38... Nxe4 39. Bxd8 Nxf2 40. Kxf2 (40. Qxf2
Qxd8 41. Kh3) 40... Ra2+ $19 41. Ke1 Qd5 {[%csl Re1][%cal Rd5h1,Rh1e1]} 0-1

[Event "Dhaka"]
[Site "Dhaka"]
[Date "1995.??.??"]
[Round "8"]
[White "Serper, Grigory"]
[Black "Reefat, Bin Sattar"]
[Result "1-0"]
[WhiteElo "2585"]
[BlackElo "2430"]
[Annotator "Ribli,Z"]
[PlyCount "146"]
[EventDate "1995.??.??"]
[EventType "tourn"]
[EventRounds "13"]
[EventCountry "BAN"]
[EventCategory "9"]
[SourceTitle "CBM 048"]
[Source "ChessBase"]
[SourceDate "1995.10.01"]
[SourceVersion "1"]
[SourceVersionDate "1995.10.01"]
[SourceQuality "1"]

1. c4 e5 2. g3 Nf6 3. Bg2 d5 4. cxd5 Nxd5 5. Nc3 Nb6 6. Nf3 Nc6 7. O-O Be7 8.
a3 (8. Rb1 $5 {Diese Fortsetzung ist jetzt in Mode.} a5 $5 (8... f6 9. d4 $1
exd4 10. Nb5 Bf5 11. Bf4 Rc8 12. Rc1 $44 {Khalifman,A-Tiviakov,S/Linares/1995/
CBM46/}) 9. b3 O-O 10. Bb2 f5 11. d3 Kh8 $5 {Levin,F-Romanishin,O/Bad Endbach/
1995/CBM47/}) 8... O-O 9. b4 Be6 10. Rb1 f6 11. d3 a5 (11... Nd4 12. Be3 (12.
Ne1 $5 {Kortschnoj}) 12... Nxf3+ 13. Bxf3 c6 14. Ne4 Nd5 15. Bd2 b6 16. Qa4 Qd7
17. Rfc1 Rfc8 $10 {Schwartzman,G-Tiviakov,S/Wijk/1995/CBM45/}) 12. bxa5 (12. b5
Nd4 13. Nd2 Bd5 $5 14. Nxd5 Nxd5 15. Bxd5+ Qxd5 16. a4 Bb4 $10 {Ftacnik,
L-Torre,E/Bacolod/1991/EXP23/INF52,40/}) 12... Rxa5 13. Nb5 Na7 $5 {Der erste
neue Zug.} (13... Qd7 $6 14. Be3 $1 Nd5 15. Bd2 Ra6 16. Qc2 $14 {Serper,
G-Mainka,R/Vienna op/1991/EXP25/INF54,34/}) 14. Nxa7 Rxa7 15. Qc2 Qd7 {Jetzt
droht /\ schon Bxa3.} (15... Bxa3 $2 16. Ra1 Qe7 17. Bxa3 Rxa3 18. Rxa3 Qxa3
19. Qxc7 $16) 16. Nd2 Nd5 (16... Bxa3 17. Bxa3 Rxa3 18. Bxb7 $14) 17. Nb3 Qc6
$1 (17... b6 $4 18. e4 $18) (17... Bxa3 $6 18. Bxa3 Rxa3 19. Nc5 Qc6 20. Rfc1
$44) 18. Qd2 (18. Qxc6 $6 bxc6 $15 {Jetzt hat der Nachziehende viele Drohungen
z.B.: Bxa3 oder Nc3, und steht trotz seiner Doppelbauern auf der c-Linie schon
besser.}) 18... Rd8 (18... Bxa3 $6 19. Bxa3 Rxa3 20. Rfc1 $44) 19. Na5 Qa6 20.
Nc4 Bc5 {Droht /\ b5.} (20... b5 $5 21. Ne3 Nxe3 22. Qxe3 c5 $13) 21. Qc2 {
Droht /\ Nxe5.} b6 22. Bb2 Qa4 23. Rfc1 (23. Qc1 Ne7 $13) 23... Ne7 24. Nd2
Qxc2 25. Rxc2 Nf5 26. Bh3 g6 27. Ne4 Be7 28. Rc6 (28. f4 $5) 28... Kf7 29. Rbc1
Nd4 $1 {Nach dieser unangenehmen Ueberraschung steht Schwarz bequemer.} 30.
Bxe6+ (30. Bxd4 Bxh3 31. Bb2 Rc8 $13) 30... Nxe6 31. R6c3 c5 $6 {Schwarz
schwaecht unnoetig seinen Damenfluegel.} (31... Rda8 $1 $15 {Weiss hat
Schwierigkeiten mit dem aP.}) 32. Rb3 Rb8 33. e3 b5 34. Kf1 Ra4 35. Ke2 Rb7 36.
Nc3 Ra5 37. Nd5 Bd6 38. Bc3 Ra4 39. Rcb1 b4 $6 (39... Nc7 $5 40. Nxc7 Rxc7 41.
Rxb5 Rxa3 {Weiss hat einen unbedeutenden Vorteil.}) 40. axb4 cxb4 41. Bxb4 Ra2+
(41... Bxb4 42. Rxb4 Raxb4 43. Rxb4 Rxb4 44. Nxb4 $16 {Dieses Springerendspiel
(5 gegen 4) gibt sehr gute Chance fuer Weiss.}) 42. R3b2 (42. Kf1 $5) 42...
Rxb2+ 43. Rxb2 Nc7 44. Nxc7 Bxc7 (44... Rxb4 $6 45. Rxb4 Bxb4 $16) 45. Rc2 Bd8
(45... Rxb4 46. Rxc7+ Kg8 47. h3 $16) 46. Rc4 Be7 {Jetzt soll Weiss
entscheiden, im welchem Endspiel er bessere Moeglichkeiten hat die Partie zu
gewinnen.} 47. Bc3 (47. Bxe7 Kxe7 48. h3 $16 {Ich waehle lieber dieses
Turmendspiel.}) 47... Ke6 48. f4 exf4 49. gxf4 Ra7 50. e4 Ra2+ 51. Ke3 f5 (
51... Rxh2 52. d4 $16 {Weiss hat mit dem Bauernpulk im Zentrum gute
Gewinnchancen.}) 52. exf5+ Kxf5 53. Rc7 Ke6 54. d4 Bd6 (54... Rxh2 $2 55. d5+
$18) 55. Rxh7 Kf5 56. Kd3 {Weiss kann den f4P nicht halten.} Bxf4 57. h3 g5 58.
d5 Be5 59. Bb4 (59. Rf7+ Kg6 60. Re7 Bxc3 61. Kxc3 Ra3+ 62. Kc4 Rxh3 63. d6 Rh1
64. Kc5 Rd1 65. Kc6 g4 66. d7 Rc1+ 67. Kb7 Rb1+ 68. Kc8 Rc1+ 69. Kd8 Rd1 70.
Ke8 Kf5 71. d8=Q Rxd8+ 72. Kxd8 g3 $10) 59... Rb2 60. Kc4 Kg6 61. Ra7 Rc2+ 62.
Kb5 Rb2 63. Kc4 Kf5 64. Bc5 Rc2+ 65. Kb5 Ke4 66. d6 Kd5 67. Bb4 Bxd6 $1 68. Rd7
Rh2 69. Rxd6+ Ke4 70. Re6+ (70. Rh6 g4 71. h4 g3 72. Bd6 Rh3 73. Be7 g2 74. Rg6
Kf3 $10) 70... Kf3 71. Rh6 Kg2 72. Rh5 Rxh3 73. Rxg5+ Kf3 $138 {In dieser
bekannten theoretischen Remisstellung hat Schwarz die Bedenkzeit
ueberschritten. Zeit/Time!} 1-0

[Event "Buenos Aires Najdorf"]
[Site "Buenos Aires"]
[Date "1991.??.??"]
[Round "8"]
[White "Larsen, Bent"]
[Black "Adams, Michael"]
[Result "0-1"]
[WhiteElo "2560"]
[BlackElo "2600"]
[Annotator "Ribli,Z"]
[PlyCount "78"]
[EventDate "1991.04.??"]
[EventType "tourn"]
[EventRounds "13"]
[EventCountry "ARG"]
[EventCategory "11"]
[SourceTitle "CBM 024"]
[Source "ChessBase"]
[SourceDate "1991.10.01"]
[SourceVersion "1"]
[SourceVersionDate "1991.10.01"]
[SourceQuality "1"]

1. c4 Nf6 2. Nc3 e5 3. g3 Bb4 4. Bg2 O-O 5. Nf3 Re8 6. O-O e4 7. Nd4 Nc6 8. Nc2
Bxc3 9. bxc3 $6 (9. dxc3 h6 10. Ne3 d6 11. f4 exf3 12. exf3 Bd7 13. h3 Ne7 14.
Qc2 d5 $10 {Lautier,J-Karpov,An Biel-A 1990 CBM/19}) 9... d5 $1 10. cxd5 Qxd5
11. Ne3 Qh5 12. Rb1 (12. f3 exf3 $6 (12... Ne5 $1 13. fxe4 Neg4 14. Nxg4 Bxg4
$44) 13. exf3 Nd5 14. f4 Qxd1 15. Nxd1 Nb6 16. Ne3 Na5 17. d3 $14 {
Geller-Dorfman URS-ch 1975}) 12... b6 13. f3 Ne5 $1 14. fxe4 Neg4 15. Nxg4 Bxg4
16. Qc2 Bxe2 17. Re1 Bf3 18. d3 Bxg2 19. Kxg2 c5 20. Bf4 $6 (20. c4 $5) 20...
c4 $1 21. d4 $2 (21. dxc4 Qg6 $15) 21... Nxe4 $1 22. Be5 (22. Rxe4 Qd5 23. Rbe1
f5 $19) 22... f5 23. Re3 Rad8 24. Rb2 Nf6 25. h3 Nd7 26. Qe2 Qf7 27. Bf4 Rxe3
28. Qxe3 Re8 29. Qf3 Re4 30. g4 Qd5 31. gxf5 Qxf5 32. Bg3 Qd5 33. a4 Nf6 34. a5
bxa5 35. Be5 Nd7 36. Kg3 Qc6 37. Kh2 h6 38. Qf5 g6 39. Rg2 Re2 0-1

[Event "RSFSR-ch"]
[Site "Kuibyshev"]
[Date "1990.??.??"]
[Round "?"]
[White "Makarov, Marat"]
[Black "Semeniuk, Alexander A"]
[Result "1-0"]
[WhiteElo "2480"]
[BlackElo "2340"]
[Annotator "Ribli,Z"]
[PlyCount "85"]
[EventDate "1990.??.??"]
[EventType "tourn"]
[EventRounds "15"]
[EventCountry "URS"]
[EventCategory "6"]
[SourceTitle "CBM 021"]
[Source "ChessBase"]
[SourceDate "1991.04.01"]
[SourceVersion "1"]
[SourceVersionDate "1991.04.01"]
[SourceQuality "1"]

1. c4 e5 2. g3 Nf6 3. Bg2 d5 4. cxd5 Nxd5 5. Nc3 Nb6 6. Nf3 Nc6 7. O-O Be7 8.
a3 a5 $6 9. d3 O-O 10. Be3 f5 (10... Bg4 11. Rc1 Re8 12. Na4 {Gulko,B-Rachels,
S USA-ch 1989 CBM/19}) 11. Na4 Kh8 12. Rc1 Bf6 13. Nd2 Nxa4 14. Qxa4 Bd7 15.
Qc2 $14 a4 16. b4 axb3 17. Nxb3 Be7 18. Nc5 Bc8 19. Qb2 {/\ Bxc6} f4 20. Nxb7
Bxb7 21. Qxb7 fxe3 22. fxe3 $1 $16 Bg5 23. Kh1 Bxe3 24. Rb1 Rxa3 25. Qxc6 Bd4
26. Qxc7 $1 Rc3 27. Rxf8+ Qxf8 28. Rb8 Rc1+ 29. Bf1 Rxf1+ 30. Kg2 Rf2+ 31. Kh3
h6 32. Rxf8+ Rxf8 33. e3 Bxe3 34. Qxe5 Bg5 35. d4 Bf6 36. Qe6 Rd8 37. d5 Kh7
38. d6 Kg6 39. d7 h5 40. Kg2 Kh6 41. Qe8 h4 42. g4 Kh7 43. h3 1-0

[Event "RUS-ch51"]
[Site "St Petersburg"]
[Date "1998.08.02"]
[Round "6"]
[White "Bareev, Evgeny"]
[Black "Tunik, Gennady"]
[Result "1/2-1/2"]
[WhiteElo "2690"]
[BlackElo "2480"]
[Annotator "Ribli,Z"]
[PlyCount "122"]
[EventDate "1998.07.28"]
[EventType "swiss"]
[EventRounds "11"]
[EventCountry "RUS"]
[SourceTitle "CBM 067"]
[Source "ChessBase"]
[SourceDate "1998.11.30"]
[SourceVersion "2"]
[SourceVersionDate "1998.11.01"]
[SourceQuality "1"]

1. c4 Nf6 2. Nc3 e5 3. Nf3 Nc6 4. g3 d5 5. cxd5 Nxd5 6. Bg2 Nb6 7. O-O Be7 8.
b3 {Eine ruhige Fortsetzung. Die weiße Stellung ist fest, aber mit diesem Zug
kann er den Schwarzen nicht vor Probleme stellen. Ribli.} (8. a3) (8. Rb1) (8.
d3) 8... O-O 9. Bb2 Be6 (9... f5 10. d3 Be6 11. Nd2 Kh8 12. Rc1 a5 13. Nc4 Nxc4
14. bxc4 Bg5 15. Rb1 Qe7 16. Qa4 Qd7 17. Ba1 Qc8 18. Qb5 $36 {1-0 Rechlis,
G-Goldin,A/Tel Aviv 1996 (25)}) (9... Re8 10. Rc1 Bf8 {Eine übliche
Figurenumgruppierung in dieser Variante.} 11. d3 Nd4 12. Nd2 c6 $11) (9... Bg4
$5) 10. Rc1 f6 {[%csl Rb2] Dieser "Betonzug" ist gegen den Läufer auf b2
gerichtet. Die feste schwarze Stellung weist keinerlei Schwächen auf.} (10...
f5 $5 11. d3 Bf6 $11) 11. Ne4 Qd7 (11... Qc8 12. Qc2 Bd5 13. Qb1 Kh8 14. Rfd1
Rd8 15. Nc5 Bxc5 16. Rxc5 e4 17. Nd4 Nxd4 18. Bxd4 Qd7 19. Be3 Qe7 20. Rc3 c6
21. Bc5 Qe5 22. Re3 f5 23. d3 Bg8 {1/2-1/2 Pavlovic,M-Kotronias,V/Karditsa
1994 (38)}) 12. d4 {Das ist die einzige aktive Möglichkeit für Weiß. Sonst
spielt Schwarz ...Rad8 und entfaltet Druck über die d-Linie.} (12. Nc5 Bxc5 13.
Rxc5 Rad8 {[%cal Gd8d1]}) 12... exd4 13. Nxd4 Nxd4 14. Qxd4 Qxd4 (14... Rad8
15. Nc5 Qxd4 16. Bxd4 Bc8 17. e3 c6 18. a4 Nd5 19. a5 a6 20. Rfd1 Rfe8 21. h3
Nc7 22. Na4 {1/2-1/2 Chelushkina,I-Maric,M/Belgrade 1995 (107)}) 15. Bxd4 c6
$11 {Es gibt nur eine offene Linie, in der sich die Türme tauschen werden. Die
schwarze Bauernmehrheit am Damenflügel ist kaum zu mobilisieren, sodaß die
weiße Mehrheit am Königsflügel wirksam wird.} 16. Nc5 {[%csl Gc5]} (16. Rfd1
Rad8) 16... Bxc5 {Schwarz muß den aktiven Springer tauschen.} 17. Bxc5 Rfd8 18.
Rfd1 Kf7 (18... Rd7 19. e4 Rad8 $5) 19. e4 Rd7 20. f4 $14 {[%csl Rb6] Weiß hat
leichten Vorteil. Der schwarze Springer auf b6 steht schlecht und unterstützt
vom Läuferpaar kann Weiß die Königsflügelbauern mobilisieren.} g6 (20... Rad8
21. Bf3 $14) 21. Bf3 Rad8 22. g4 Rxd1+ (22... Rd2 23. Be3 Rxd1+ (23... R2d3 24.
Kf2 $14) 24. Rxd1 Rxd1+ 25. Bxd1 $14 {Die Stellung ähnelt der
Partiefortsetzung.}) 23. Rxd1 Rxd1+ 24. Bxd1 Nc8 {Schwarz möchte wenn möglich .
..b7-b6 / ...c6-c5 spielen.} (24... f5 $5 25. exf5 (25. gxf5 gxf5 26. e5 Nd5 {
[%csl Gd5,Rf4]}) 25... gxf5 26. g5 Nd5 {[%csl Gd5][%cal Gd5c3,Gc3d1,Gc3a2,
Rd5f4]}) 25. f5 gxf5 26. gxf5 (26. exf5 $2 Bd5 {[%csl Gd5]}) 26... Bd7 27. b4
$5 {[%cal Gd1b3,Gb3f7] Weiß legt den Damenflügel fest und bringt seinen Läufer
auf die Diagonale a2-g8.} (27. Bh5+ Kg7) 27... b6 28. Bb3+ (28. Bh5+ Kg7) 28...
Ke8 29. Bd4 {[%csl Rf6] Die einzige schwarze Schwäche ist gut zu verteidigen.}
Nd6 (29... Ke7 $14) 30. Bc2 (30. Bxf6 $2 Nxe4 $15 {[%csl Gf5][%cal Rd7f5,Re4f6]
}) 30... Ke7 31. Kf2 Nc4 {[%csl Gc4,Ge5] Der Springer strebt nach e5.} 32. a4
Ne5 33. a5 (33. Bxe5 fxe5 $11) 33... c5 (33... bxa5 34. bxa5 a6 35. Bc5+ $14 {
[%csl Ga5,Ra6,Gc2,Gc5]} (35. Bxe5 fxe5 36. Bd3 Bc8 $11)) 34. bxc5 (34. Bxe5
fxe5 35. axb6 (35. bxc5 bxa5 $13 (35... bxc5 $11)) 35... axb6 36. bxc5 bxc5 $11
) 34... Nc6 {[%cal Rc6a5,Rc6d4]} (34... bxa5 35. Kg3 a4 36. Kf4 Nc6 37. Bb2 Nb4
) 35. axb6 $5 (35. cxb6 $6 Nxd4 (35... axb6 36. Bxb6 $16) 36. bxa7 Bc6 37. Ba4
Ba8 38. Ke3 Nc6 39. Bxc6 Bxc6 $17) 35... axb6 {Schwarz riskiert nichts. Er
lehnt das Figurenopfer ab, spielt weiter mit einem Bauern weniger, denn das
Material ist so reduziert, daß er auch so Remis halten kann.} (35... Nxd4 36.
bxa7 Bc6 37. Ba4 Bb7 (37... Bxe4 38. Ke3 $18) 38. Ke3 Nc6 39. Bxc6 Bxc6 40. Kd4
$14 {Besonders der weiße a-Bauer ist gefährlich.}) 36. Be3 (36. cxb6 $2 Nxd4
37. b7 Nc6 38. Ba4 Nb8 $17) 36... bxc5 37. Bxc5+ Kf7 {Schwarz bleibt mit dem
König auf f7 oder g7, spielt ...Ne5 und der weiße Materialvorteil ist nicht
leicht zu verwerten.} 38. Ke3 (38. Bb3+ Kg7) 38... Ne5 {[%csl Ge5]} 39. Bd1 {
[%csl Gd1][%cal Gd1h5] Der schwarze Springer wird in seiner Beweglichkeit
eingeschränkt.} Bc6 40. Kd4 {Dank des 39. weißen Zuges ist jetzt nicht 40...
Nf3+ möglich.} Bb7 41. Bd6 Nc6+ 42. Kc5 Ne5 43. Bc2 (43. Bxe5 fxe5 44. Kd6 Kf6
$11 {Und Schwarz erreicht leicht Remis, indem er nur noch Läuferzüge macht.})
43... Ba6 44. Bb3+ Kg7 45. Kd5 Bb7+ 46. Kd4 Nf3+ 47. Ke3 Bxe4 $1 $11 {Mit
einer kleinen Kombination gewinnt Schwarz den Bauern zurück.} (47... Ne5 $14)
48. Kxe4 Nd2+ {[%cal Rd2e4,Rd2b3]} 49. Kd5 Nxb3 {Der Springer steht zwar weit
vom Königsflügel entfernt, kommt aber rechtzeitig zurück.} 50. Bf4 (50. Bb4 {
[%csl Rb3]} Nc1 $11) 50... Na5 51. Kc5 Nb7+ 52. Kc6 Nd8+ 53. Kd7 Nf7 54. Ke7 {
[%csl Ge7,Rf6] Schwarz hat eine Bauernschwäche auf f6, aber selbst ohne diesen
Bauern hat er eine theoretische Remisstellung.} Nh8 55. h3 Nf7 56. h4 Nh8 57.
Be3 (57. h5 Nf7 (57... h6 $2 58. Bd2 Nf7 59. Bc3 Kg8 60. Bxf6 $22 $18) 58. h6+
Kg8 (58... Nxh6 $2 59. Bxh6+ Kxh6 60. Kxf6 $18) 59. Kxf6 Nh8 $11) 57... Nf7 58.
Bd4 Nh6 (58... Nh8 $2 59. Bxf6+ Kg8 60. Bxh8 $18) 59. Ke6 (59. Bxf6+ Kg8 $11)
59... Nf7 60. Bxf6+ Kg8 61. Bg5 Nh8 {Und hier wurde Remis gegeben. Schwarz
bleibt mit dem König auf g8 und erreicht mit den Springerzügen ...Nh8-f7 oder .
..Nh6-f7 das Remis.} 1/2-1/2

[Event "EU-Cup 21st"]
[Site "Saint Vincent"]
[Date "2005.09.20"]
[Round "3.6"]
[White "Markowski, Tomasz"]
[Black "Karjakin, Sergey"]
[Result "0-1"]
[WhiteElo "2564"]
[BlackElo "2645"]
[Annotator "Ribli,Z"]
[PlyCount "68"]
[EventDate "2005.09.18"]
[EventType "team-swiss"]
[EventRounds "7"]
[EventCountry "ITA"]
[SourceTitle "CBM 110"]
[Source "ChessBase"]
[SourceDate "2006.01.31"]
[SourceVersion "1"]
[SourceVersionDate "2006.01.31"]
[SourceQuality "1"]
[WhiteTeam "Warsaw Polonia"]
[BlackTeam "Paris NAO"]
[WhiteTeamCountry "POL"]
[BlackTeamCountry "FRA"]

1. c4 e5 2. g3 Nf6 3. Bg2 d5 4. cxd5 Nxd5 5. Nf3 Nc6 6. O-O Be7 7. Nc3 Nb6 8.
a4 {Diese Variante wird selten gespielt, die populäre Alternative ist 8.a3,
mit der Idee b2-b4.} a5 9. d3 (9. d4 exd4 10. Nb5 O-O $5 11. Nfxd4 $6 (11.
Nbxd4 $5 Nxd4 12. Nxd4) 11... Nxd4 (11... Nb4 $1 12. e4 c6 13. Nc3 Bf6 $15 {
1/2-1/2 Skembris,S-Kotronias,V/Greece (ch) 1994/ (39)}) 12. Nxd4 c6 13. e3 Bf6
14. Qh5 Qe7 $5 $11) 9... Be6 10. Be3 Nd5 11. Nxd5 Bxd5 12. Nd2 O-O $5 {Schwarz
nimmt nicht auf g2, er hält die Spannung aufrecht. Der Tausch 12...Bxg2 ist
auch gut spielbar.} (12... Bxg2 13. Kxg2 O-O 14. Qb3 Bb4 15. Ne4 Nd4 16. Bxd4
exd4 17. Rac1 c6 {1/2-1/2 Hanken,J-Waitzkin,J/US National op 1994/EXT 97 (47)})
13. Bxd5 Qxd5 14. Qb3 Nb4 $5 {[%mdl 4]} (14... Qxb3 15. Nxb3 Nb4 16. Rac1 Rfc8
17. Rc4 b6 $11 {1/2-1/2 Markowski,T-Korneev,O/Metz 1998/EXT 99 (32)}) (14...
Qd7) 15. Rfc1 (15. Qxd5 Nxd5) (15. Rac1 $5) 15... Qd7 16. Nf3 (16. Ne4) 16...
Bd6 17. Bd2 Rfe8 18. Bxb4 Bxb4 $15 {[%csl Gb4] Schwarz besitzt Raumvorteil und
hat eine aktivere Figurenstellung.} 19. Qc4 c6 20. Kg2 Rad8 21. Rc2 Qf5 {
[%cal Ge5e4] Die schwarze positionelle Drohung ist 22...e4.} 22. Nh4 (22. e4
Qh5 $15) 22... Qh5 23. Nf3 {Weiß hat keine aktiven Möglichkeiten, er kann nur
warten.} Rd6 {[%cal Gd6h6]} 24. Qe4 $6 {Weiß provoziert den Zug 24...f5, den
Schwarz allerdings plante} f5 25. Qc4+ Kh8 {[%cal Ge5e4,Gf5f4] Schwarz hat
eine aktive Stellung; Weiß muss nun mit e5-e4 oder f5-f4 rechnen.} 26. Qh4 Qg6
{Natürlich möchte Schwarz die Damen auf dem Brett halten.} 27. Rc4 h6 28. Qh3
Qf7 {[%cal Ge5e4,Gf7c4]} 29. Rac1 $6 (29. Ng5 Qd5+ (29... Qf6) 30. e4 fxe4 31.
Nxe4 $15) 29... e4 $17 30. Nd4 exd3 31. exd3 Rd5 {[%csl Gb4,Gd5,Ge8] Die
Verteidigung von Schwarz ist sicher, während der Gegner eine schlechte
Bauernstruktur besitzt.} (31... f4 $36) 32. Nf3 Rxd3 33. Rf4 Rf8 34. Rcc4 Rxf3
$1 $19 {[%csl Rg2][%cal Gf7c4][%mdl 64]} (34... Rxf3 $1 35. Rxb4 (35. Kxf3 Qd5+
$19) 35... Rxf2+ 36. Rxf2 axb4 $19) 0-1